ONCOLOGIA CLINICA (Registro nro. 39001)
[ vista simple ]
| 000 -LEADER | |
|---|---|
| fixed length control field | 01005nam a2200193 a 4500 |
| 001 - CONTROL NUMBER | |
| control field | 39001 |
| 005 - DATE AND TIME OF LATEST TRANSACTION | |
| control field | 20230414123612.0 |
| 008 - FIXED-LENGTH DATA ELEMENTS--GENERAL INFORMATION | |
| fixed length control field | 140415s1992 sp 000 0 spa d |
| 020 ## - INTERNATIONAL STANDARD BOOK NUMBER | |
| International Standard Book Number | 8448102037 |
| 041 ## - LANGUAGE CODE | |
| Language code of text/sound track or separate title | spa |
| 082 ## - DEWEY DECIMAL CLASSIFICATION NUMBER | |
| Classification number | 616.992 |
| Item number | ONC |
| 245 00 - TITLE STATEMENT | |
| Title | ONCOLOGIA CLINICA |
| 250 ## - EDITION STATEMENT | |
| Edition statement | 1a ed. |
| 260 ## - PUBLICATION, DISTRIBUTION, ETC. | |
| Place of publication, distribution, etc. | ESPAÑA : |
| Name of publisher, distributor, etc. | MC GRAW HILL INTERAMERICANA DE ESPAÑA, |
| Date of publication, distribution, etc. | 1992 |
| 300 ## - PHYSICAL DESCRIPTION | |
| Extent | 2 |
| Dimensions | x 18.5 x 26.6 |
| 520 ## - SUMMARY, ETC. | |
| Summary, etc. | ESTA SEGUNDA PARTE SE DEDICA AL ESTUDIO ESPECÍFICO Y PORMENORIZADO DE CADA ENFERMEDAD Y LOCALIZACIÓN CON UN ANÁLISIS DE LOS ASPECTOS EPIDEMIOLÓGICOS, ETIOPATOGÉNICOS, ANATOMAPATOLÓGICOS, CLÍNICOS, DIAGNÓSTICOS, TERAPÉUTICOS Y PRONÓSTICOS INTENTANDO DAR UN PUNTO DE VISTA MULTIDISCIPLIANRIO Y UN ENFOQUE ACTUAL Y MODERNO CON UNA VISIÓN DE FUTURO PRÓXIMO. SE HACE ESPECIAL INCAPIÉ EN LA HISTORIA NATURAL, EL DIAGNÓSTICO DE EXTENSIÓN Y LA IMPORTANCIA DE LOS FACTORES PRONÓSTICOS Y DE DECISIÓN |
| 650 14 - SUBJECT ADDED ENTRY--TOPICAL TERM | |
| Topical term or geographic name entry element | ONCOLOGIA |
| General subdivision | TRATAMIENTO |
| 700 1# - ADDED ENTRY--PERSONAL NAME | |
| Personal name | GONZÁLEZ BARÓN, MANUEL |
| Relator term | pról. |
| Withdrawn status | Lost status | Source of classification or shelving scheme | Damaged status | Not for loan | Collection code | Home library | Current library | Shelving location | Date acquired | Source of acquisition | Inventory number | Total Checkouts | Full call number | Barcode | Date last seen | Date last checked out | Price effective from | Koha item type | Total Renewals |
|---|---|---|---|---|---|---|---|---|---|---|---|---|---|---|---|---|---|---|---|
| Dewey Decimal Classification | General | Biblioteca Karol Wojtyla | Biblioteca Karol Wojtyla | Sala general | 03/12/2013 | Compra | 151000000000000000008795 | 1 | 616.992 ONC | 58662 | 05/01/2026 | 16/04/2024 | 03/12/2013 | Libro | |||||
| Dewey Decimal Classification | General | Biblioteca Karol Wojtyla | Biblioteca Karol Wojtyla | Sala general | 03/12/2013 | Compra | 151000000000000000008799 | 7 | 616.992 ONC | 58663 | 04/02/2026 | 28/01/2026 | 03/12/2013 | Libro | 1 |